|
|
|
|
| LEADER |
00000nab a2200000 a 4500 |
| 001 |
vtls009316598 |
| 003 |
SK-MaSNL |
| 005 |
20260318121645.0 |
| 008 |
080730c2008 xo wr p 000 c0ukr |
| 015 |
|
|
|a SNBRB2008/07
|
| 038 |
|
|
|a SVKPOCL
|
| 040 |
|
|
|a SVKPO
|b slo
|c SVKPO
|e AACR2
|
| 041 |
0 |
|
|a ukr
|
| 044 |
|
|
|a xo
|c SK
|
| 080 |
|
|
|a 929(=161)(437.6)(048.8)
|2 2001
|
| 080 |
|
|
|a 811.161:061.3(081)
|2 2001
|
| 080 |
|
|
|a 061.3
|2 2001
|
| 100 |
1 |
|
|a Zozuľák, Alexander,
|d 1953-
|4 aut
|9 103738
|
| 245 |
1 |
0 |
|a Dalšy dvi knyžky-
|c [avtor] A. Z.
|
| 300 |
|
|
|b Fotogr.
|
| 600 |
1 |
7 |
|a Maľcovská, Mária,
|d 1951-2010
|t Sto vyznamnŷch Rusyniv očamy sučasnykiv
|n II. čast'
|2 svkpocl
|9 182990
|
| 600 |
1 |
7 |
|a Plišková, Anna,
|d 1964-
|t Jazyková kultúra a jazyková norma v rusínskom jazyku=Jazykova kultura i jazykova norma v rusyn'skim jazyku
|x zborníky
|x prezentácie
|2 svkpocl
|9 1582843
|
| 650 |
0 |
7 |
|a Rusíni
|z Slovensko
|x osobnosti
|x monografie
|x prezentácie
|2 svkpocl
|9 1582844
|
| 650 |
0 |
7 |
|a rusínčina
|2 svkpocl
|9 51510
|
| 655 |
|
7 |
|a monografie
|2 svkpocl
|9 70139
|
| 655 |
|
7 |
|a zborníky
|2 svkpocl
|9 70165
|
| 773 |
0 |
|
|t Narodny novynky
|g Roč. XVIII, č. 1-4 (2008), s. 4
|
| 852 |
|
|
|a SVKPO
|b KIS3GCP
|
| 856 |
4 |
1 |
|a http://narodny-novynky.presov.sk
|
| 958 |
|
|
|a RN
|
| 958 |
|
|
|a UK
|
| 958 |
|
|
|a SK
|
| 958 |
|
|
|a BX
|
| 999 |
|
|
|c 3237608
|d 3239538
|